Bilecik Bilecik Bilecik Bilecik Bilecik

Orta Asya ve Kafkasya'daki durum ve Avrupa güvenliği/ (Record no. 29289)

MARC details
000 -BAŞLIK
Sabit Uzunluktaki Kontrol Alanı 01526nam a22003857a 4500
008 - SABİT UZUNLUKTAKİ VERİ ÖGELERİ - GENEL BİLGİ
Sabit Alan 110411b1998 tu |||gr||||#||||0|tur |
040 ## - KATALOGLAMA KAYNAĞI
Özgün Kataloglama Kurumu TR-BiSEU
Kataloglama Dili tur
Çeviri Kurumu TR-BiSEU
Açıklama Kuralları rda
001 - KONTROL NUMARASI
Control Dosyası 0029367
003 - KONTROL NUMARASI KİMLİĞİ
Kontrol Alanı KOHA_MİRAKIL
005 - EN SON İŞLEM TARİHİ ve ZAMANI
Kontrol Alanı 20260207002658.0
007 - FİZİKSEL TANIM SABİT ALAN - GENEL BİLGİ
Sabit uzunluklu kontrol alanı ta
020 ## - ISBN - ULUSLARARASI STANDART KİTAP NUMARASI
Kullanılabilirlik koşulları 0,01
041 0# - DİL KODU
Metin ya da ses kaydının dil kodu tur
044 ## - YAYINLAYAN/ÜRETEN KURULUŞUN ÜLKE KODU
ISO country code tu
050 ## - SINIFLAMA ve YER NUMARASI
Sınıflama Numarası DK859.5
Yer Numarası .O78 1998
245 1# - ESER ADI BİLDİRİMİ
Başlık Orta Asya ve Kafkasya'daki durum ve Avrupa güvenliği/
Sorumluluk Bildirimi çev. Ersan Bocutoğlu;edt. Kenan Çelik.
264 #1 - ÜRERİM, YAYIN, DAĞITIM ve TELİF BİLDİRİMİ
Yayın yeri Trabzon :
Yayınlayan Karadeniz Teknik Üniversitesi
Yayın tarihi 1998
300 ## - FİZİKSEL TANIMLAMA
Sayfa, Cilt vb. 93 s. ;
Boyutları 24 cm.
336 ## - İÇERİK TÜRÜ
Content type term metin
Content type code txt
Source rdacontent
337 ## - MEDYA TÜRÜ
Media type term aracısız
Media type code n
Source rdamedia
338 ## - TAŞIYICI TÜRÜ
Carrier type term cilt
Carrier type code nc
Source rdacarrier
490 1# - DİZİ BİLDİRİMİ
Dizi Bildirimi Kafkasya ve Orta Asya Ülkeleri Uygulama ve Araştırma Merkezi ;
Cilt Numarası yayın no.
490 1# - DİZİ BİLDİRİMİ
Dizi Bildirimi 1998/1
500 ## - GENEL NOT
Genel Not Batı Avrupa Birliği Asamblesi (43. Oturum /Doküman 1586/19 Kasım 1997). Siyasi komite adına başkan ve raportör Mr. Baumel ve raportör yardımcısı Mr. Akçalı tarafından sunulan rapor.
500 ## - GENEL NOT
Genel Not Includes bibliographical references.
650 #0 - KONU BAŞLIĞI EK GİRİŞ - KONU TERİMİ
Konusal terim veya coğrafi ad Democracy--Asia, Central.
9 (RLIN) 58103
650 #0 - KONU BAŞLIĞI EK GİRİŞ - KONU TERİMİ
Konusal terim veya coğrafi ad Democracy--Caucasus.
9 (RLIN) 58104
650 #0 - KONU BAŞLIĞI EK GİRİŞ - KONU TERİMİ
Konusal terim veya coğrafi ad Post-communism--Asia, Central.
9 (RLIN) 58105
650 #0 - KONU BAŞLIĞI EK GİRİŞ - KONU TERİMİ
Konusal terim veya coğrafi ad Post-communism--Caucasus.
9 (RLIN) 58106
650 #0 - KONU BAŞLIĞI EK GİRİŞ - KONU TERİMİ
Konusal terim veya coğrafi ad Asia, Central--Politics and government 1991-.
9 (RLIN) 58107
650 #0 - KONU BAŞLIĞI EK GİRİŞ - KONU TERİMİ
Konusal terim veya coğrafi ad Caucasus--Politics and government.
9 (RLIN) 20544
830 1# - SERİ EK GİRİŞİ - TEKBİÇİM ESER ADI
Tekbiçim Başlık Kafkasya ve Orta Asya Ülkeleri Uygulama ve Araştırma Merkezi ;
Volume number/sequential designation yayın no.
9 (RLIN) 58108
830 1# - SERİ EK GİRİŞİ - TEKBİÇİM ESER ADI
Tekbiçim Başlık 1998/1
9 (RLIN) 58109
942 ## - EK GİRİŞ ÖGELERİ (KOHA)
Source of classification or shelving scheme Library of Congress Classification
Koha item type Book
Holdings
Materyal Türü Kalıcı Konum Mevcut Konum Raf Yeri Sınıflandırma Kaynağı Edinim Bilgisi Ana Konular Alt Konular Yer Numarası Demirbaş Numarası Fatura Tarihi Geri Çekilme Durumu Kayıp Durumu Hasarlı Durumu Kredi için değil Kayıt Tarih Toplam Ödünçverme Son Görülme Tarihi Son Kontrol Tarihi Genel / Bağış Notu
Book Prof. Dr. Azmi Özcan Kütüphanesi Prof. Dr. Azmi Özcan Kütüphanesi Uluğbey Salonu Library of Congress Classification Bağış DÜNYA TARİHİ (AVRUPA, ASYA, AFRİKA VB.) Rusya, Sovyetler Birliği, Eski Sovyet Cumhuriyetleri - Polonya DK859.5 .O78 1998 0029367 02/02/2026         11/04/2011   05/12/2024 05/12/2024 Genel Bağış